[Event "TCh-AUT 2006-7"]
[Site "Leoben AUT"]
[Date "2007.01.19"]
[Round "5"]
[White "Volkmann,F"]
[Black "Genser,H"]
[Result "1/2-1/2"]
[WhiteElo "2418"]
[BlackElo "2334"]

1.e4 c5 2.Nf3 d6 3.d4 cxd4 4.Nxd4 Nf6 5.Nc3 Nc6 6.Bg5 e6 7.Qd2 a6 8.O-O-O Qb6
9.f4 Qxd4 10.Qxd4 Nxd4 11.Rxd4 h6 12.Bh4 Be7 13.Be2 e5 14.fxe5 dxe5 15.Rd3 Be6
16.Rhd1 Rd8 17.Nd5 Rd7 18.Nxe7 Rxd3 19.cxd3 Kxe7 20.b3 Rc8+ 21.Kb2 g5 22.Be1 Bg4
23.Bf3 Bxf3 24.gxf3 Rc6 25.h4 Nh5 26.Bb4+ Ke8 27.hxg5 hxg5 28.Bc3 f6 29.d4 exd4
30.Rxd4 Nf4 31.Bd2 Ng6 32.Rd5 Ne7 33.Rd3 Ng6 34.Bc3 Ke7 35.a4 Ke6 36.Kc2 Ne5
37.Re3 Rc7 38.Kd2 Rh7 39.Bd4 Rd7 40.Kc3 Rc7+ 41.Kd2 Rd7 42.Kc3 Rc7+ 43.Kd2 Rd7  1/2-1/2

[Event "Open"]
[Site "Marianske Lazne CZE"]
[Date "2007.01.21"]
[Round "2"]
[White "Wieczorek,O"]
[Black "Safyanovsky,M"]
[Result "1/2-1/2"]
[WhiteElo "2079"]
[BlackElo "2315"]

1.e4 c5 2.Nf3 d6 3.d4 cxd4 4.Nxd4 Nf6 5.Nc3 Nc6 6.Bg5 Qb6 7.Nb3 e6 8.Qd2 Be7
9.f3 a6 10.O-O-O O-O 11.Kb1 Qc7 12.Bxf6 gxf6 13.g4 Kh8 14.h4 Ne5 15.f4 Nc4
16.Qd4 b5 17.g5 Qa7 18.Bxc4 bxc4 19.Qxc4 Bd7 20.gxf6 Bxf6 21.Qd3 Be7 22.e5 d5  1/2-1/2

[Event "Corus B"]
[Site "Wijk aan Zee NED"]
[Date "2007.01.21"]
[Round "8"]
[White "Nijboer,F"]
[Black "Atalik,S"]
[Result "1-0"]
[WhiteElo "2638"]
[BlackElo "2586"]

1.e4 c5 2.Nf3 d6 3.d4 cxd4 4.Nxd4 Nf6 5.Nc3 Nc6 6.Bg5 e6 7.Qd2 a6 8.O-O-O Bd7
9.f3 Rc8 10.Kb1 Be7 11.Be3 b5 12.g4 Ne5 13.Bd3 O-O 14.h4 Nxd3 15.cxd3 b4
16.Nce2 e5 17.Nf5 b3 18.axb3 Be6 19.d4 Bxb3 20.Rc1 Rb8 21.Rc3 Re8 22.dxe5 dxe5
23.Qxd8 Bxd8 24.Ba7 Ba5 25.Bxb8 Bxc3 26.Nxc3 Rxb8 27.Ne7+ Kf8 28.Nc6 Re8
29.Na5 Be6 30.Rd1 h5 31.gxh5 Nxh5 32.Rd6 Nf4 33.Rxa6 Ng6 34.h5 Nh4 35.b4 Bh3
36.b5 Bf1 37.Ra7 Bxb5 38.Nxb5 Rb8 39.Nb7 Nxf3 40.Kc2 Ng5 41.Nc3 Kg8 42.Nd6 Rb4
43.Re7 f6 44.Nd5 Ra4 45.Nf5 Rxe4 46.Rxg7+ Kf8 47.Nxf6  1-0

[Event "ch-Kyiv"]
[Site "Kyiv UKR"]
[Date "2007.01.23"]
[Round "4"]
[White "Pavlov,S2"]
[Black "Shishkin,Va UKR"]
[Result "1/2-1/2"]
[WhiteElo "2414"]
[BlackElo "2474"]

1.e4 c5 2.Nf3 Nc6 3.d4 cxd4 4.Nxd4 Nf6 5.Nc3 d6 6.Bg5 Qb6 7.Nb3 e6 8.g4 a6
9.Be3 Qc7 10.g5 Nd7 11.a4 b6 12.f4 g6 13.Qd2 Bb7 14.Bg2 h6 15.h4 hxg5 16.hxg5 Rxh1+  1/2-1/2

[Event "ch-SER Qualification"]
[Site "Belgrade SER"]
[Date "2007.01.25"]
[Round "3"]
[White "Vuckovic,Bo"]
[Black "Arsovic,Z"]
[Result "1/2-1/2"]
[WhiteElo "2551"]
[BlackElo "2457"]

1.e4 c5 2.Nf3 d6 3.d4 cxd4 4.Nxd4 Nf6 5.Nc3 Nc6 6.Bg5 e6 7.Qd2 Be7 8.O-O-O Qb6
9.Nb3 a6 10.f4 O-O 11.Be2 Rd8 12.Kb1 Qc7 13.g4 b5 14.Bxf6 Bxf6 15.g5 Be7
16.Bf3 b4 17.Ne2 Bb7 18.Nbd4 Nxd4 19.Nxd4 d5 20.e5 Bc5 21.Rhe1 Rac8 22.Nb3 Bf8
23.Nd4 Bc5 24.Nb3 Bf8 25.Nd4  1/2-1/2

[Event "ch-SER Qualification"]
[Site "Belgrade SER"]
[Date "2007.01.26"]
[Round "4"]
[White "Krstic,P"]
[Black "Chelushkina,I"]
[Result "1-0"]
[WhiteElo "2280"]
[BlackElo "2338"]

1.e4 c5 2.Nf3 Nc6 3.d4 cxd4 4.Nxd4 Nf6 5.Nc3 d6 6.Bg5 Bd7 7.Qd2 Qb6 8.Nb3 e6
9.f3 a6 10.O-O-O Be7 11.h4 Qc7 12.Kb1 h6 13.Be3 b5 14.Bxb5 axb5 15.Nxb5 Qb8
16.Nxd6+ Qxd6 17.Qxd6 Bxd6 18.Rxd6 Ne5 19.Bf2 Nc4 20.Rd4 Bb5 21.Rhd1 O-O
22.Nd2 Ne5 23.c4 Ba6 24.b3 Rfc8 25.Kb2 Nc6 26.Rd6 e5 27.Kc3 Ne8 28.Rd7 Rcb8
29.Nf1 Bc8 30.R7d2 Be6 31.Rb2 Nc7 32.Ne3 Na6 33.Nc2 Rc8 34.a4 Rab8 35.Na3 Na5
36.Rd6 Ra8 37.Bb6 Nb7 38.Rd1 Rc6 39.Be3 Rac8 40.Rbd2 Kh7 41.Kb2 Nac5 42.Bxc5 Nxc5
43.Rd6 R6c7 44.Rd8 Rxd8 45.Rxd8 Bd7 46.Kc3 Rb7 47.Nb5 Kg6 48.Kb4 Ne6 49.Ra8 Nd4
50.Rg8 f6 51.h5+ Kf7 52.Ra8 Ke6 53.Ra6+ Ke7 54.Ra8 Be8 55.g4 Bd7 56.Ka3 Bxb5
57.cxb5 Nxf3 58.Kb4 Nd4 59.Rc8 Kd6 60.Rc5 Ne6 61.Rc4 Rc7 62.a5 Rxc4+ 63.bxc4 Kc7
64.c5 Ng5 65.a6 Nxe4 66.b6+ Kb8 67.c6 Nd6 68.c7+ Kc8 69.Kc5  1-0

[Event "IM"]
[Site "Passos BRA"]
[Date "2007.01.26"]
[Round "9"]
[White "Molina,Rob"]
[Black "Alonso,S"]
[Result "1/2-1/2"]
[WhiteElo "2336"]
[BlackElo "2419"]

1.e4 c5 2.Nf3 d6 3.d4 cxd4 4.Nxd4 Nf6 5.Nc3 Nc6 6.Bg5 e6 7.Qd2 Be7 8.f4 O-O
9.O-O-O Nxd4 10.Qxd4 Qa5  1/2-1/2

[Event "ch-SER Qualification"]
[Site "Belgrade SER"]
[Date "2007.01.27"]
[Round "5"]
[White "Pap,M"]
[Black "Todorovic,J"]
[Result "0-1"]
[WhiteElo "2475"]
[BlackElo "2381"]

1.e4 c5 2.Nf3 d6 3.d4 cxd4 4.Nxd4 Nf6 5.Nc3 Nc6 6.Bg5 e6 7.Qd2 Be7 8.O-O-O Qb6
9.Be3 Ng4 10.Nf5 Nxe3 11.Nxe3 O-O 12.Nc4 Qc5 13.Na4 Qh5 14.Be2 Qh4 15.g3 Qxe4
16.Nc3 Qf5 17.Nxd6 Qxf2 18.Nce4 Qb6 19.Kb1 Nb4 20.g4 Nd5 21.Nc4 Qc7 22.g5 b5
23.Ne3 Nxe3 24.Qxe3 Bb7 25.Bd3 Qe5 26.Rhg1 Rad8 27.Nf6+ Bxf6 28.gxf6 Qxf6
29.Qxa7 Bd5 30.a3 b4 31.Rdf1 Qh4 32.axb4 Qxb4 33.Qe3 g6 34.Qe5 Ra8 35.Qf4 Qa5
36.c4 Qa2+ 37.Kc2 Ra4 38.Kc3 Rb4 39.Kxb4 Qxb2+ 40.Kc5 Rc8+ 41.Kd6 Qb8+ 42.Ke7 Re8+
43.Kf6 e5 44.Kg5 exf4 45.cxd5 Qe5+ 46.Kg4 h5+ 47.Kh4 Qf6+ 48.Rg5 Re5 49.Rg1 f3  0-1

[Event "12th HIT Open A"]
[Site "Nova Gorica SLO"]
[Date "2007.01.27"]
[Round "2"]
[White "Saric,Iv"]
[Black "Kozul,Z"]
[Result "0-1"]
[WhiteElo "2469"]
[BlackElo "2616"]

1.e4 c5 2.Nf3 Nc6 3.d4 cxd4 4.Nxd4 Nf6 5.Nc3 d6 6.Bg5 e6 7.Qd2 a6 8.O-O-O Bd7
9.f4 b5 10.Bxf6 gxf6 11.Kb1 b4 12.Nce2 Qb6 13.f5 Nxd4 14.Nxd4 e5 15.Ne2 h5
16.h4 Ke7 17.Ng3 Bh6 18.Qe2 Qc5 19.Nxh5 Bb5 20.Qf3 Rac8 21.Qb3 Bc6 22.g4 Bxe4
23.Rh2 a5 24.g5 Bxg5 25.hxg5 Rxh5 26.gxf6+ Kxf6 27.Rhd2 d5 28.Bd3 Rh3 29.Qa4 Bxd3
30.cxd3 d4 31.Rg1 Qd5 32.Rf1 Rh1 33.Qd1 Rxf1 34.Qxf1 Rh8 35.Rg2 Rh5 36.Qg1 Qf3
37.Kc2 Rxf5 38.Qh2 Ke6 39.Re2 a4 40.Qh6+ Rf6 41.Qd2 Qc6+  0-1

[Event "FINEC GM"]
[Site "St Petersburg RUS"]
[Date "2007.01.30"]
[Round "6"]
[White "Lanin,A"]
[Black "Klimov,S"]
[Result "1/2-1/2"]
[WhiteElo "2465"]
[BlackElo "2498"]

1.e4 c5 2.Nf3 d6 3.d4 cxd4 4.Nxd4 Nf6 5.Nc3 Nc6 6.Bg5 Bd7 7.Qd2 h6 8.Bxf6 gxf6
9.O-O-O Nxd4 10.Qxd4 Qa5 11.f4 Rc8 12.Kb1 Qc5 13.Qd3 f5 14.exf5 Bxf5 15.Qf3 Qb6
16.Rd5 Bd7 17.Bb5 Bc6 18.Re1 Bg7 19.Qg4 O-O 20.Bxc6 Rxc6 21.Rb5 Qf2 22.Qe2 Qxe2
23.Rxe2 Bxc3 24.bxc3 Rc7 25.Re3 f5 26.Rd5 Rf6 27.Kb2 Kf7 28.Kb3 Rc6 29.Rb5 b6
30.Rd5 e6 31.Rd4 Rg6 32.g3 h5 33.Rc4 Rc5 34.Rxc5 bxc5 35.Kc4 Rg8 36.Kb5 Rb8+
37.Kc6 Ke7 38.c4 Rb6+ 39.Kc7 Rb4 40.Rc3 a5 41.Kc6 a4 42.a3 Rb2 43.Rd3 Rxc2
44.Rxd6 Rxc4 45.Rd7+ Kf6 46.Rh7 Rc3 47.Rxh5 c4 48.Kb5 Rxa3 49.Kxc4 Re3 50.Rh8 a3
51.Ra8 Re2 52.Rxa3 Rxh2 53.Re3 Rd2 54.Kc3 Rg2 55.Kd4 Ke7 56.Kc4 Rd2 57.Kc3 Rg2
58.Kc4 Kd6 59.Rd3+ Ke7 60.Re3 Kf6 61.Kd3 Ra2 62.Kd4 Ra4+ 63.Kd3 Ra2 64.Kd4 Rd2+
65.Kc3 Rd6 66.Rd3 Rc6+  1/2-1/2

[Event "FSIMB February"]
[Site "Budapest HUN"]
[Date "2007.02.04"]
[Round "2"]
[White "Lengyel,B"]
[Black "To Nhat Minh"]
[Result "1-0"]
[WhiteElo "2323"]
[BlackElo "2270"]

1.e4 c5 2.Nf3 d6 3.d4 cxd4 4.Nxd4 Nf6 5.Nc3 Nc6 6.Bg5 e6 7.Bb5 Qb6 8.Be3 Qc7
9.O-O a6 10.Be2 Be7 11.f4 O-O 12.Kh1 Re8 13.Qe1 Bd7 14.Qg3 b5 15.e5 Nxe5
16.fxe5 dxe5 17.Rxf6 Bxf6 18.Ne4 Bd8 19.Bh6 g6 20.Nf3 Bc6 21.Bd3 f5 22.Nfd2 Be7
23.h4 Red8 24.h5 Be8 25.Nf3 Rd5 26.Nh4 Bxh4 27.Qxh4 Rd4 28.Qf6 Qf7 29.Qxe5 Rxe4
30.Bxe4 fxe4 31.Qxe4 Rc8 32.Re1 Bd7 33.Rd1 Bc6 34.Qxc6 Rxc6 35.Rd8+ Qe8 36.Rxe8+ Kf7
37.Rf8+ Ke7 38.Rh8 gxh5 39.c3 Kf6 40.Rf8+ Ke5 41.Kg1 Ke4 42.Rf3 e5 43.Bf8  1-0

[Event "39th Giorgi Tringov"]
[Site "Plovdiv BUL"]
[Date "2007.02.06"]
[Round "2"]
[White "Videnova,I"]
[Black "Badev,K"]
[Result "1-0"]
[WhiteElo "2175"]
[BlackElo "2354"]

1.e4 c5 2.Nf3 d6 3.d4 Nf6 4.Nc3 cxd4 5.Nxd4 Nc6 6.Bg5 e6 7.f4 Be7 8.Qd2 Qb6
9.Bxf6 gxf6 10.Nb3 a6 11.O-O-O Bd7 12.Be2 O-O-O 13.Bh5 Rhf8 14.Kb1 Kb8 15.Rhe1 Na5
16.Nd5 Nxb3 17.Nxb6 Nxd2+ 18.Rxd2 Bc6 19.Nd5 Bxd5 20.exd5 e5 21.Bf3 Rd7 22.Bg4 Rc7
23.Bf5 Rc4 24.g3 h6 25.b3 Rc5 26.c4 Bd8 27.Rf2 Ba5 28.Rc1 Bb4 29.Kb2 Ra5
30.Kb1 Bc5 31.Rf3 b5 32.fxe5 fxe5 33.cxb5 axb5 34.Be6 f6 35.Rcf1 Kc7 36.Rc1 b4
37.g4 Kb7 38.h4 e4 39.Rf5 Bd4 40.Rc4 Bc3 41.Rxe4 Rxa2 42.Kxa2 Ra8+ 43.Kb1  1-0

[Event "TCh-BEL 2006-7"]
[Site "Belgium BEL"]
[Date "2007.02.08"]
[Round "7"]
[White "Henrichs,T"]
[Black "Decoster,F"]
[Result "1-0"]
[WhiteElo "2483"]
[BlackElo "2168"]

1.e4 c5 2.Nf3 d6 3.d4 cxd4 4.Nxd4 Nf6 5.Nc3 Nc6 6.Bg5 e6 7.Qd2 a6 8.O-O-O Bd7
9.f3 Be7 10.h4 h6 11.Be3 h5 12.Kb1 Ne5 13.Bg5 b5 14.Bd3 Qb6 15.Be3 Qb7 16.Rhe1 b4
17.Nce2 a5 18.Bg5 a4 19.Ng3 g6 20.Bf1 Ra5 21.Qf4 Ng8 22.Bxe7 Nxe7 23.Qf6 Rf8
24.Be2 Qc7 25.f4 Nc4 26.Bxc4 Qxc4 27.Re3 Rc5 28.b3 Qa6 29.Nf3 Qc6 30.Rd2 Nc8
31.Ng5 Qb6 32.Qd4 Rb5 33.Qd3 Ke7 34.f5 Re5 35.Nf3 Bb5 36.f6+ Ke8 37.Qd4 Qxd4
38.Rxd4 Rc5 39.Rxb4 Kd7 40.Rd4 Kc7 41.c4 Ba6 42.e5 axb3 43.axb3 Rd8 44.Ne4 Ra5
45.Kb2 dxe5 46.Rxd8 Kxd8 47.b4 Ra4 48.Kb3 Ra1 49.Rd3+ Ke8 50.Nxe5 Bb7 51.Ng5  1-0

[Event "Rapid Match"]
[Site "Negotino MKD"]
[Date "2007.02.13"]
[Round "2"]
[White "Nedev,T"]
[Black "Kozul,Z"]
[Result "0-1"]
[WhiteElo "2523"]
[BlackElo "2616"]

1.e4 c5 2.Nf3 d6 3.d4 cxd4 4.Nxd4 Nf6 5.Nc3 Nc6 6.Bg5 e6 7.Qd2 a6 8.O-O-O Bd7
9.f3 Rc8 10.Kb1 Qc7 11.g4 h6 12.Be3 Ne5 13.h4 b5 14.Bd3 g6 15.g5 hxg5 16.hxg5 Rxh1
17.Rxh1 Nh5 18.f4 Nc4 19.Bxc4 Qxc4 20.Nce2 e5 21.b3 Qc7 22.Nf5 Qc6 23.Nfg3 Nxg3
24.Nxg3 exf4 25.Bxf4 Qc3 26.Qxc3 Rxc3 27.Rh8 Ke7 28.Ne2 Rc8 29.e5 Ke6 30.exd6 Bxd6
31.Rh4 Bxf4 32.Rxf4 Rc5 33.Rf6+ Ke7 34.Rxa6 Rxg5 35.Nd4 Rd5 36.c3 g5 37.Ra8 g4
38.Rg8 Kf6 39.Kc2 Rg5 40.Rxg5 Kxg5 41.Kd3 f5 42.c4 bxc4+ 43.bxc4 g3 44.Ke2 Kg4
45.c5 f4 46.c6 Bc8 47.c7 Ba6+ 48.Kd2 g2 49.Ne2 f3  0-1

[Event "Rapid Match"]
[Site "Negotino MKD"]
[Date "2007.02.15"]
[Round "4"]
[White "Nedev,T"]
[Black "Kozul,Z"]
[Result "0-1"]
[WhiteElo "2523"]
[BlackElo "2616"]

1.e4 c5 2.Nf3 d6 3.d4 cxd4 4.Nxd4 Nf6 5.Nc3 Nc6 6.Bg5 e6 7.Qd2 a6 8.O-O-O Bd7
9.f3 h6 10.Be3 b5 11.g4 Ne5 12.Bd3 b4 13.Nce2 Nxd3+ 14.cxd3 e5 15.Nf5 a5
16.Kb1 Bb5 17.d4 Nd7 18.Neg3 g6 19.Nxh6 exd4 20.Bf4 Bg7 21.g5 Nc5 22.Ng4 a4
23.Qxb4 Rb8 24.Qa3 O-O 25.e5 Ne6 26.Bc1 dxe5 27.Ne4 Qc7 28.h4 Rfc8 29.h5 Qc2+
30.Ka1 Be2 31.Ngf6+ Bxf6 32.Nxf6+ Kg7 33.Rde1 Bd3 34.Bd2 Qxd2 35.Rd1 Qxg5
36.Qxd3 Qxf6 37.hxg6 fxg6 38.Qa6 Nf8 39.Qa7+ Qf7 40.Qa5 Qc7 41.Qd2 Qc2 42.Qh6+ Kf7
43.Rb1 a3 44.Rh2 axb2+  0-1

[Event "ch-CZE"]
[Site "Praha CZE"]
[Date "2007.02.16"]
[Round "11"]
[White "Cvek,R"]
[Black "Babula,V"]
[Result "1/2-1/2"]
[WhiteElo "2530"]
[BlackElo "2584"]

1.e4 c5 2.Nf3 d6 3.d4 cxd4 4.Nxd4 Nf6 5.Nc3 Nc6 6.Bg5 e6 7.Qd2 Be7 8.O-O-O O-O
9.Nb3 Qb6 10.f3 a6 11.g4 Rd8 12.Be3 Qc7 13.g5 Nd7 14.h4 b5 15.Kb1 Nce5 16.f4 Nc4
17.Bxc4 bxc4 18.Nd4 Nc5 19.f5 Rb8 20.Qe2 Bd7 21.Bc1 Qa5 22.Ka1 Rb4 23.a3 Rdb8
24.fxe6 fxe6 25.Rhf1 g6 26.Qf2 Rf8 27.Qe1 Rfb8 28.Na2 Qxa3 29.Qxb4 Qxb4 30.Nxb4 Rxb4
31.Ne2  1/2-1/2

[Event "V Breizh Masters Women"]
[Site "Guingamp FRA"]
[Date "2007.02.17"]
[Round "2"]
[White "Greef,M"]
[Black "Choisy,M"]
[Result "1-0"]
[WhiteElo "1930"]
[BlackElo "2079"]

1.e4 c5 2.Nf3 Nc6 3.d4 cxd4 4.Nxd4 Nf6 5.Nc3 d6 6.Bg5 e6 7.Qd2 a6 8.O-O-O Bd7
9.f3 Be7 10.Be3 b5 11.Nxc6 Bxc6 12.g4 Rc8 13.g5 b4 14.Ne2 Nxe4 15.fxe4 Bxe4
16.Nd4 Bxh1 17.Bxa6 Bc6 18.Nxc6 Rxc6 19.Bb5 Qc7 20.Qxb4 O-O 21.Bxc6 Qxc6
22.h4 Rc8 23.c3 Ra8 24.Bf4 Rd8 25.a4 Qd7 26.a5 d5 27.Qb6 Ra8 28.Bc7 Rc8 29.Be5 Bc5
30.Qa6 Rf8 31.b4 Be3+ 32.Kb2 f6 33.gxf6 gxf6 34.Qd3 fxe5 35.Qxe3 Rf5 36.Rg1+ Kh8
37.Qb6 Qc8 38.a6 d4 39.c4 Rf2+ 40.Kb1 Rf8 41.Qd6 Rf5 42.a7 Qa8 43.Qb8+  1-0

[Event "4th ch-Mediterranean"]
[Site "Cannes FRA"]
[Date "2007.02.20"]
[Round "4"]
[White "Saric,Iv"]
[Black "Atalik,S"]
[Result "0-1"]
[WhiteElo "2469"]
[BlackElo "2586"]

1.e4 c5 2.Nf3 d6 3.d4 cxd4 4.Nxd4 Nf6 5.Nc3 Nc6 6.Bg5 e6 7.Qd2 a6 8.O-O-O Nxd4
9.Qxd4 Be7 10.f4 b5 11.Bxf6 gxf6 12.e5 d5 13.Kb1 Rg8 14.Bd3 f5 15.g4 Rxg4
16.Rhg1 Rg6 17.h4 Bxh4 18.Rh1 Bb7 19.a4 Bc6 20.Qc5 Bd7 21.axb5 Be7 22.Qd4 axb5
23.Rxh7 Rg8 24.b4 Qb8 25.Rg1 Rf8 26.Ne2 Ra4 27.c3 Qa8 28.Nc1 Ra1+ 29.Kc2 Bc6
30.Kd2 Kd7 31.Nb3 Ra2+ 32.Ke3 Rh8 33.Bxf5 Rxh7 34.Bxh7 Qh8 35.Qd3 Rh2 36.Bf5 Qh4
37.Rf1 Qg3+ 38.Kd4 Qg2 39.Nc5+ Bxc5+ 40.bxc5 exf5 41.Qxf5+ Kc7 42.Qd3 Rh3  0-1

[Event "Magistral II"]
[Site "Necochea ARG"]
[Date "2007.02.21"]
[Round "2"]
[White "Hase,J"]
[Black "Aguilar,A"]
[Result "1-0"]
[WhiteElo "2311"]
[BlackElo "2258"]

1.e4 c5 2.Nf3 Nc6 3.d4 cxd4 4.Nxd4 Nf6 5.Nc3 d6 6.Bg5 e6 7.Qd2 a6 8.O-O-O h6
9.Be3 Be7 10.f3 Nxd4 11.Bxd4 b5 12.Qf2 Qc7 13.Bd3 O-O 14.f4 b4 15.Ne2 e5
16.fxe5 dxe5 17.Qg3 Bd6 18.Bg1 Be6 19.Kb1 a5 20.Be3 Kh7 21.Rhf1 Nd7 22.Qh4 a4
23.Bc1 Rfc8 24.Nd4 Bxa2+ 25.Kxa2 b3+ 26.Kb1 Nf8 27.Qf2 a3 28.Nxb3 f6 29.Bb5 axb2
30.Bxb2 Bb4 31.c4 Qb7 32.Rd5 Ne6 33.Qf5+ Kh8 34.Qxe6 Qa7 35.Qh3  1-0

[Event "Bundesliga 2006-7"]
[Site "Koelln GER"]
[Date "2007.02.24"]
[Round "10"]
[White "Thinius,M"]
[Black "Boidman,Y"]
[Result "1/2-1/2"]
[WhiteElo "2365"]
[BlackElo "2435"]

1.e4 c5 2.Nf3 d6 3.d4 cxd4 4.Nxd4 Nf6 5.Nc3 Nc6 6.Bg5 e6 7.Qd2 a6 8.O-O-O Bd7
9.f4 b5 10.Bxf6 gxf6 11.Nxc6 Bxc6 12.Qe1 b4 13.Nd5 a5 14.Bd3 h5 15.Kb1 Bd7
16.Ne3 Bc6 17.Rf1 Qe7 18.f5 e5 19.Nd5 Qd8 20.Bc4 Rc8 21.Qe2 Bxd5 22.Rxd5 Be7
23.Rf3 Qb6 24.Rd1 Qc5 25.Bb3 Qc6 26.Bd5 Qc5 27.a4 Bd8 28.Bb3 Bb6 29.Rh3 h4
30.g3 Ke7 31.gxh4 Rh7 32.h5 Rg8 33.Ka2 Rgh8 34.Qg4 Qf2 35.Rdd3 Bd4 36.Qd1 Qg1
37.c3 bxc3 38.bxc3 Qg2+ 39.Qd2 Qxd2+ 40.Rxd2 Bc5 41.Bd1 Rb8 42.Rb2 Rxb2+
43.Kxb2 Kf8 44.Kb3 Kg7 45.Kc4 Rh8 46.h6+ Kh7 47.Bh5 Rc8 48.Kb5 Rc7 49.Kxa5 Rb7
50.Be2 d5 51.exd5 e4 52.Bc4 e3 53.d6 Rb6 54.d7 Rd6 55.Kb5 Ba7 56.Rh4 Rxd7
57.Re4 Kxh6 58.Kc6 Rd2 59.Re7 Bb8 60.Rxe3 Kg5 61.a5 Kxf5 62.a6 Rd1 63.Re8 Ba7
64.Re7 Bg1 65.h4 Rc1 66.Bd3+ Kf4 67.c4 Rc3 68.a7 Ra3 69.Rxf7 Bxa7 70.Be2 Bd4
71.Kd5 Be5 72.c5 Ra2 73.Bd3 Rd2 74.Kc4 Ke3 75.Bg6 Rd4+ 76.Kb5 Rxh4 77.c6 Rg4
78.Bc2 Rg2 79.Bf5 Rf2 80.Bh7 Rf1 81.c7 Rc1 82.Kb6  1/2-1/2

[Event "Meurthe et Moselle GM"]
[Site "Nancy FRA"]
[Date "2007.02.24"]
[Round "8"]
[White "Sikula,V"]
[Black "Abergel,T"]
[Result "1-0"]
[WhiteElo "2515"]
[BlackElo "2475"]

1.e4 c5 2.Nf3 Nc6 3.d4 cxd4 4.Nxd4 Nf6 5.Nc3 d6 6.Bg5 Bd7 7.Qd2 Rc8 8.f4 Nxd4
9.Qxd4 Qa5 10.e5 dxe5 11.fxe5 e6 12.O-O-O Bc6 13.Nb5 Bxb5 14.exf6 Bc6 15.h4 g6
16.Bc4 Bc5 17.Qg4 h5 18.Qe2 O-O 19.Rhf1 Bb4 20.Kb1 Bxg2 21.Qxg2 Rxc4 22.Qxb7 Bc3
23.bxc3 Qxc3 24.Bd2 Qxc2+ 25.Ka1 Rd8 26.Rc1 Qd3 27.Bg5 a5 28.Qb3 Qd4+ 29.Qb2 Qd3
30.Rxc4 Qxc4 31.Rc1 Qe4 32.Qc2 Qd5 33.Qc5 Qa8 34.Be3 Qf3 35.Qc3 Qf5 36.Bg5 Qd5
37.Qc5 Qa8 38.Bf4 Qe4 39.Qe3 Qb4 40.Be5 Kh7 41.Qc3 Qe4 42.Qc7 Rd7 43.Qxd7 Qxe5+
44.Kb1 Qe4+ 45.Rc2 Qe1+ 46.Kb2 Qb4+ 47.Kc1 Qa3+ 48.Kd2 Qb4+ 49.Kd3 Kh6 50.Qd4 Qa3+
51.Ke2 Kh7 52.Qd7  1-0

[Event "2nd Trophee Universitaire"]
[Site "La Roche sur Yon FRA"]
[Date "2007.02.27"]
[Round "2"]
[White "David,Alb"]
[Black "Edouard,R"]
[Result "1-0"]
[WhiteElo "2528"]
[BlackElo "2446"]

1.e4 c5 2.Nf3 d6 3.d4 cxd4 4.Nxd4 Nf6 5.Nc3 Nc6 6.Bg5 e6 7.Qd2 a6 8.O-O-O Bd7
9.f3 Be7 10.h4 h6 11.Be3 h5 12.Bg5 Qc7 13.Kb1 Ne5 14.f4 Neg4 15.g3 b5 16.Re1 b4
17.Nd1 Rb8 18.Bh3 a5 19.Rhf1 Bb5 20.Nxb5 Rxb5 21.Bxg4 Nxg4 22.Bxe7 Qxe7 23.Ne3 Nxe3
24.Rxe3 O-O 25.Rd1 Rd8 26.Rd3 Qb7 27.e5 d5 28.g4 hxg4 29.Rg3 Kf8 30.Rxg4 g6
31.h5 gxh5 32.Rg5 Rb6 33.f5 Ke8 34.fxe6 Rxe6 35.Rg8+  1-0

[Event "64th ch-GEO w"]
[Site "Tbilisi GEO"]
[Date "2007.03.03"]
[Round "2"]
[White "Tsereteli,T"]
[Black "Melia,S"]
[Result "1/2-1/2"]
[WhiteElo "2334"]
[BlackElo "2400"]

1.e4 c5 2.Nf3 d6 3.d4 cxd4 4.Nxd4 Nf6 5.Nc3 Nc6 6.Bg5 e6 7.Qd2 Be7 8.O-O-O Nxd4
9.Qxd4 O-O 10.f4 Qa5 11.Bc4 Bd7 12.e5 dxe5 13.fxe5 Bc6 14.Bd2 Nd7 15.Nd5 Qd8
16.Nxe7+ Qxe7 17.Rhe1 Nb6 18.Bf1 Rfd8 19.Qg4 Rac8 20.Bh6 Rxd1+ 21.Rxd1 f5
22.exf6 Qxf6 23.Bg5 Qe5 24.Bf4 Qf6 25.Bg5 Qe5 26.Bf4 Qf6 27.Bg5  1/2-1/2

[Event "64th ch-GEO w"]
[Site "Tbilisi GEO"]
[Date "2007.03.05"]
[Round "4"]
[White "Tsereteli,T"]
[Black "Gvetadze,Sopi"]
[Result "0-1"]
[WhiteElo "2334"]
[BlackElo "2416"]

1.e4 c5 2.Nf3 d6 3.d4 cxd4 4.Nxd4 Nf6 5.Nc3 Nc6 6.Bg5 e6 7.Qd2 Be7 8.O-O-O Nxd4
9.Qxd4 O-O 10.f4 Qa5 11.Bc4 Bd7 12.e5 dxe5 13.fxe5 Bc6 14.Bd2 Nd7 15.Nd5 Qd8
16.Nxe7+ Qxe7 17.Rhe1 Rfd8 18.Qg4 Nf8 19.Bd3 Rxd3 20.cxd3 Qd7 21.Bc3 Qd5
22.Kb1 Qxg2 23.Qxg2 Bxg2 24.Rd2 Bc6 25.Bd4 Ng6 26.Bc5 Nh4 27.Rf2 Nf5 28.Rc1 h6
29.b3 g5 30.a4 Kg7 31.Rfc2 h5 32.Bf2 Bd5 33.Kb2 g4 34.Rc7 Rd8 35.Bxa7 Bf3
36.R7c3 h4 37.Bg1 Nd4 38.Bxd4 Rxd4 39.Rg1 Kg6 40.Kc2 Kg5 41.Kd2 Bd5 42.Rf1 Rf4
43.Rxf4 Kxf4 44.Rc7 Kf3 45.Ke1 Kg2 46.Rc2+ Kg1 47.Rf2 h3 48.b4 Bg2 49.Rxf7 Kxh2
50.Rf6 Kg1 51.Rxe6 h2 52.Rh6 Bh3 53.e6 h1=Q 54.e7 Kh2+ 55.Kd2 Qg2+ 56.Kd1 Qf3+  0-1

[Event "Victor Ciocaltea Mem"]
[Site "Bucharest ROM"]
[Date "2007.03.07"]
[Round "2"]
[White "Lupulescu,C"]
[Black "Ivanov,Al3"]
[Result "1-0"]
[WhiteElo "2566"]
[BlackElo "2458"]

1.e4 c5 2.Nf3 d6 3.d4 cxd4 4.Nxd4 Nf6 5.Nc3 Nc6 6.Bg5 e6 7.Qd2 a6 8.O-O-O Nxd4
9.Qxd4 Be7 10.f3 b5 11.g4 Qc7 12.h4 Bb7 13.Qd2 Rc8 14.Bd3 b4 15.Ne2 d5 16.Bxf6 gxf6
17.Kb1 dxe4 18.fxe4 Qe5 19.Nd4 Rd8 20.Nf3 Qg3 21.Qe3 Qxg4 22.h5 Bd6 23.Rh4 Qg7
24.Qb6 Qg2 25.Nd2 Bc8 26.Nc4 Bg3 27.Rhh1 Qf2 28.Qxb4 Qa7 29.Rhf1 Qe7 30.Qc3 Bh4
31.e5 fxe5 32.Nxe5  1-0

[Event "I Open"]
[Site "La Laguna ESP"]
[Date "2007.03.07"]
[Round "4"]
[White "Camino Carrio,N"]
[Black "Radovanovic,J"]
[Result "1/2-1/2"]
[WhiteElo "2136"]
[BlackElo "2327"]

1.e4 c5 2.Nf3 d6 3.d4 cxd4 4.Nxd4 Nf6 5.Nc3 Nc6 6.Bg5 e6 7.Qd2 a6 8.O-O-O Bd7
9.f3 Rc8 10.Kb1 Be7 11.h4 Nxd4 12.Qxd4 Bc6 13.g4 Qa5 14.Be3 d5 15.g5 dxe4
16.gxf6 Bxf6 17.Qc5 Qxc5 18.Bxc5 exf3 19.Bf2 O-O 20.Bd3 Rfd8 21.Be4 Bxc3
22.Bxc6 bxc6 23.bxc3 e5 24.Rxd8+ Rxd8 25.Re1 Re8 26.Kc1 f5 27.Kd2 e4 28.Ke3 Rb8
29.Kf4 g6 30.Rd1  1/2-1/2

[Event "ch-TUR"]
[Site "Ankara TUR"]
[Date "2007.03.08"]
[Round "8"]
[White "Secer,A"]
[Black "Atakisi,U"]
[Result "1/2-1/2"]
[WhiteElo "2287"]
[BlackElo "2384"]

1.e4 c5 2.Nf3 Nc6 3.d4 cxd4 4.Nxd4 Nf6 5.Nc3 d6 6.Bg5 e6 7.Qd2 Qb6 8.O-O-O Qxd4
9.Qxd4 Nxd4 10.Rxd4 a6 11.Be2 Bd7 12.Rhd1 Bc6 13.f3 Be7 14.Bh4 Rc8 15.Kb1 d5
16.exd5 Nxd5 17.Nxd5 Bxd5 18.Bxe7 Kxe7 19.c4 Bc6 20.Kc2 g5 21.Kc3 h5 22.Bd3 Rc7
23.Be4 Bd7 24.Re1 Rhc8 25.b3 Rf8 26.g3 Rh8 27.Bc2 Bc6 28.f4 gxf4 29.gxf4 Rg8
30.f5 Rd7 31.fxe6 fxe6 32.Bf5 Rxd4 33.Kxd4 Kf6 34.Bh3 e5+ 35.Kc5 e4 36.Rf1+ Ke7
37.Rf5 Rd8 38.b4 Rd2 39.b5 axb5 40.cxb5 Bxb5 41.Kxb5 Rxa2 42.Rxh5 Rxh2 43.Kc4 Kd6
44.Kd4 Kc7 45.Rc5+ Kb6 46.Rc3 Rd2+ 47.Kxe4 Rd6 48.Ke5 Rc6 49.Rb3+ Kc7 50.Bg2 Rb6
51.Rc3+ Kb8 52.Bd5 Rb5 53.Kd6 Rb6+ 54.Kd7 Rb5 55.Bf3 Rb2 56.Kd6 Rb6+ 57.Kc5 Rb2
58.Bd5 Rb1 59.Bc4 Ka7 60.Bb5 Rg1 61.Kd6 Kb6 62.Bc4 Rg6+ 63.Be6 Rg7 64.Ra3 Rh7
65.Ra4 Rg7 66.Ra1 Rh7 67.Ra2 Rg7 68.Bf5 Rf7 69.Bd7 Rf1 70.Bc8 Rd1+ 71.Ke7 Kc7
72.Be6  1/2-1/2

[Event "TCh-AUT 2006-7"]
[Site "Mattersburg AUT"]
[Date "2007.03.08"]
[Round "8"]
[White "Ragger,M"]
[Black "Likavsky,T"]
[Result "1/2-1/2"]
[WhiteElo "2487"]
[BlackElo "2492"]

1.e4 c5 2.Nf3 d6 3.d4 cxd4 4.Nxd4 Nf6 5.Nc3 Nc6 6.Bg5 e6 7.Qd2 Be7 8.O-O-O Qb6
9.f3 Qxd4 10.Qxd4 Nxd4 11.Rxd4 a6 12.Be2 Bd7 13.Rd2 Bc6 14.Rhd1 h6 15.Bf4 d5
16.exd5 Nxd5 17.Nxd5 Bxd5 18.c4 Bc6 19.Bd6 g5 20.b4 h5 21.Bxe7 Kxe7 22.Kb2 h4
23.Kb3 Rhd8 24.Rxd8 Rxd8 25.Rxd8 Kxd8 26.a4 b6 27.b5 Bb7 28.a5 axb5 29.cxb5 bxa5
30.Ka4 f5 31.Kxa5 Kc7 32.b6+ Kd6 33.Ba6 h3 34.gxh3 Bxf3 35.Bc8 f4 36.Ka6 e5
37.Bb7 Bxb7+ 38.Kxb7 f3 39.Ka8 f2 40.b7 f1=Q 41.b8=Q+ Kd5 42.Qb7+ Kd4 43.Qb6+ Ke4
44.Qc6+ Ke3 45.Qc5+ Ke4 46.Qc6+ Ke3 47.Qc5+ Kf3 48.Qxe5 Qc1 49.Qg3+ Ke4 50.Kb7 Qf4
51.Kc6 Qxg3 52.hxg3 Kf3 53.h4 gxh4 54.gxh4 Kg4 55.Kd5 Kxh4 56.Ke4  1/2-1/2

[Event "ch-POL w"]
[Site "Barlinek POL"]
[Date "2007.03.09"]
[Round "2"]
[White "Kulon,K"]
[Black "Przezdziecka,E"]
[Result "1-0"]
[WhiteElo "2173"]
[BlackElo "2133"]

1.e4 c5 2.Nf3 Nc6 3.d4 cxd4 4.Nxd4 Nf6 5.Nc3 d6 6.Bg5 e6 7.Qd2 Be7 8.O-O-O O-O
9.f4 h6 10.Bxf6 Bxf6 11.Nxc6 bxc6 12.Qxd6 Qb6 13.Qd3 e5 14.f5 a5 15.Na4 Qa7
16.Qc3 Rb8 17.a3 Be7 18.Kb1 Bd7 19.Qxe5 Bf6 20.Qg3 Rfe8 21.Bc4 Rxe4 22.Rxd7 Rxb2+
23.Nxb2 Qxd7 24.Qb8+ Re8 25.Qb3 Qa7 26.c3 Rb8 27.Qc2 Qc5 28.Ka2 a4 29.Rc1 Ra8
30.Qe4 Be7 31.f6 Qxa3+ 32.Kb1 Bxf6 33.Bd3 g6 34.Qxc6 Rb8 35.Rc2 Kg7 36.Qc7 Re8
37.Rc1 Re7 38.Qc6 Bg5 39.Rd1 Qb3 40.Bc2 Qb8 41.Qxa4 Ra7 42.Qb3 Qa8 43.Nd3 Ra3
44.Qb2 Bf6 45.Bb3 Ra7 46.Nc5 Rc7 47.Bd5 Qa5 48.Ne4 Be5 49.Ba2 Qa8 50.Rd5 Rb7
51.Bb3 Qb8 52.Kc2 Re7 53.Qa3 Qb7 54.g3 Bb8 55.Qa4 Qb6 56.Rd7 Rxd7 57.Qxd7 Qc7
58.Qe8 Ba7 59.Nd6 Bc5 60.Qe5+ Kf8 61.Nxf7  1-0

[Event "ch-SRB"]
[Site "Vrsac SRB"]
[Date "2007.03.12"]
[Round "8"]
[White "Pikula,D"]
[Black "Arsovic,Z"]
[Result "1/2-1/2"]
[WhiteElo "2513"]
[BlackElo "2457"]

1.e4 c5 2.Nf3 d6 3.d4 cxd4 4.Nxd4 Nf6 5.Nc3 Nc6 6.Bg5 e6 7.Qd2 a6 8.O-O-O h6
9.Be3 Be7 10.f3 Nxd4 11.Qxd4 e5 12.Qd2 Be6 13.Kb1 Qa5 14.Nd5 Qxd2 15.Rxd2 Nxd5
16.exd5 Bd7 17.g3 Bg5 18.f4 exf4 19.gxf4 Bf6 20.Bd3 O-O 21.Bb6 Rfc8 22.Re1 Bb5
23.Re4 Re8 24.Rxe8+ Rxe8 25.c4 Re1+ 26.Kc2 Ba4+  1/2-1/2